000 01008nam a22002657a 4500
005 20240530110435.0
008 150406s2010 xxu g b 000 0 eng d
017 _a2010/4202
_bمصر . دار الكتب المصرية
020 _a9789774798901
040 _aEG-CaGPL
082 0 4 _221
_a070.43\
_bم ص
100 1 _aميللر ، نهى
245 1 0 _aصناعة الاخبار العربية /
_cتاليف نهى ميللر ؛ ترجمة و تقديم حنان الصفتى
250 _aط1
260 _aالقاهرة :
_bالمركز القومى للترجمة ،
_c2010.
300 _a258 ص ؛
_c24 سم.
490 _aالمشروع القومى للترجمة ؛
_v1576
504 _aببليوجرافية : ص (230 - 255 )
650 0 4 _aالصحافة العربية
650 0 4 _aالانباء
650 0 4 _aوكلات الانباء
700 0 _aتقديم حنان الصفتى
_eمترجم و مقدم
942 _2ddc
_cBK
999 _c60920
_d60920